Cómputo de votos y declaratorias de elección para presidente y vicepresidentes, diputados a la Asamblea Legislativa, regidores y síndicos municipales. Elecciones del 3 de febrero de 1974 y Elecciones Municipales en el nuevo Cantón de Corredores.

Shranjeno v:
Bibliografske podrobnosti
Autores Corporativos: Costa Rica. Tribunal Supremo de Elecciones, TSE
Format: Texto
Jezik:Spanish
Izdano: San José : Costa Rica.Tribunal Supremo de Elecciones
Oznake: Označite
Brez oznak, prvi označite!

MARC

LEADER 00000 a a2200000 04500
001 18002
003 cru CIDCACS/IIS
005 20170324103615.0
008 170324b xxu||||| |||| 00| 0 spa d
020 |a [sin ISBN]  
022 |a [sin ISSN]  
040 |c CIDCACS/IIS 
090 |a 04.04.02 C8373c  
110 |a Costa Rica. Tribunal Supremo de Elecciones  
245 1 0 |a Cómputo de votos y declaratorias de elección para presidente y vicepresidentes, diputados a la Asamblea Legislativa, regidores y síndicos municipales. Elecciones del 3 de febrero de 1974 y Elecciones Municipales en el nuevo Cantón de Corredores.   |c Tribunal Supremo de Elecciones de Costa Rica 
260 |a San José :   |b Costa Rica.Tribunal Supremo de Elecciones  
710 |a TSE  
942 |2 ddc  |c LI 
999 |c 3788  |d 3788